| 000 | 03896nam a2200289 i 4500 | ||
|---|---|---|---|
| 003 | DO-SdBNP | ||
| 005 | 20250529094354.0 | ||
| 006 | a||||gr|||| 00| 0 | ||
| 007 | ta | ||
| 008 | 220725e2016 dr o|||fr|||| 001 0 spa d | ||
| 040 |
_aDO-SdBNP _bspa _cBNPHU _erda |
||
| 041 | _aspa | ||
| 082 | 4 |
_axxx _bC574a _222 |
|
| 245 | 0 | 0 |
_aConmemoración del cincuentenario de la gesta de abril 1965 / _ccuidado de la edición, diseño y diagramación Dirección General de Comunicaciones. |
| 246 | _a50 años de la conmemoración gesta patriótica de abril 1965. | ||
| 264 |
_aSanto Domingo : _bUniversidad Autónoma de Santo Domingo, _c2016. |
||
| 300 |
_a258 páginas : _bilustraciones, fotografías ; _c30 cm. |
||
| 336 |
_atexto _btxt _2rdacontent |
||
| 337 |
_asin mediación _bn _2rdamedia |
||
| 338 |
_avolumen _bnc _2rdacarrier |
||
| 505 |
_tMiembros del Comité Organizador de las Conmemoraciones del Cincuentenario de la Gesta de abril 1965.-- UASD Conmemoró 50 años de la Gesta de abril con vasto programa.-- Conferencia del Coronel Lorenzo Sención Silverio, E:R:D.--
Conferencia del Coronel Lorenzo Sención Silverio, E. R.D.-- Visita del Coronel Mario Pea Taveras.-- Conferencia ofrecido por el Doctor Roberto Cassá.-- Palabras del maestro Rafael Nino Féliz en el Panel Testimonios del Abril.-- _tPalabras del moderador Héctor Luis Martínez en el Panel Testimonio de Abril.-- Exposición del maestro Jesús de Rosa en el Panel Testimonio de Abril.-- Exposición de la maestra Teresa Espaillat en el Panel Testimonios de Abril.-- Exposición del Dr. Porfirio García Fernández en el Panel Testimonio de Abril.-- Exposición del Dr. Luis Gómez Pérez en el Panel Testimonio de Abril.-- UASD reconoce que la Gesta de Abril"Tuvo Perfume de Mujer".-- Palabras Dr. Porfirio García Fernández en el Panel Testimonio de Abril.-- _tExposición de la maestra Teresa Espaillat en el Panel Testimonios de Abril.-- Exposición de la maestra Cristina Díaz Gautier en el Panel Testimonios de Abril.-- Exposición de la maestra Milagros Concepción en el Panel Testimonios de Abril.-- Exposición de la maestra Edith Ramírezen el Panel Testimonios de Abril.-- _tExposición de la maestra Delta Soto en el Panel Testimonios de Abril.-- Piden estudiantes de la UASD defender legado Guerra de Abril.-- UASD y Achivo General de la Nación celebraron seminario.-- Conmemoran la Gesta de Abril en Cuba.-- UASD Participa en la IX Feria del libro dominicano en Nueva York.-- |
||
| 505 |
_tInauguración de exposición Fotográfica sobre la Gesta de Abril de 1965.-- Biblioteca Pedro Mir presenta decenas de publicaciones sobre la Gesta de Abril de 1965.-- Abril: Una Gesta más allá del recuerdo. Palabras de la Maestra Jocelyn Polanco.-- Aniversario Gesta de Abril 1965.-- Acto de Investidura honores al poeta haitiano Jacque Viau.-- UASD tributa honores al poeta haitiano Jacque Viau.-- La Gesta de Abril en versos.-- _tEstreno del documental "Gesta Patriótica de Abril 1965 y la UASD".-- Concierto con Artistas Nacionales e Internacionales.-- UASD Centro Baní.-- UASD Centro Barahona.-- UASD Centro Hato Mayor.-- UASD Centro Higüey.-- UASD Centro La Vega.-- UASD Centro Mao.-- UASD Centro Nagua.-- UASD Centro Neyba.-- UASD Centro Puerto Plata.-- _tUASD Centro San Cristóbal.-- UASD Centro San Juan de la Maguana .-- UASD Recinto San Francisco de Macorís.-- Resumen de la conferencia magistral de la maestra Gristina Díaz Gautier.-- UASD Central San Pedro de Macorís.-- UASD Recinto Santiago.-- Se Conmemoró el Día del Soldado Domocrático.-- Actos de Conmemoración de la Batalla del Matum.-- Las Puerta de la UASD: Marco de acceso a un Universo de sucesos. |
||
| 590 | _aInventariado 2024 / MF | ||
| 700 | 1 |
_936067 _aGrullón Fernández, Iván, _ecoordinador _4coord. |
|
| 710 | 1 |
_aUniversidad Autónoma de Santo Domingo. _bDirección General de Comunicaciones _972951 |
|
| 942 |
_2ddc _cLBS1 |
||
| 999 |
_c52226 _d52226 |
||